000 00870cam a2200277 i 4500
001 768714001
003 CO-MdBIC
005 20231130105656.0
008 231130t1973 mx ||||| |||| 00| 0 spa d
040 _bspa.
_aCO-MdFUSB
_cCO-MdFUSB
_dCO-MdFUSBC
_erda
041 _aspa
082 0 4 _aG 231.3 Z941p
100 1 _aZuck, Roy B.
245 1 0 _aPoder espiritual en la enseñanza / Roy B. Zuck ; Florencia Taddei, Traductor
_c/
264 1 _aPuebla, PUE., México : Las Américas
_bEdiciones Las Américas,
_c[1973]
264 4 _c©1973
300 _a126 Pag
_c;
336 _atexto
_btxt
_2rdacontent
337 _2rdamedia
_asin mediación
_bn
338 _2rdacarrier
_avolumen
_bnc
500 _aTítulo original : The Holy Spirit in your teaching
650 1 0 _aEspíritu Santo
_950
650 1 7 _aEducación cristiana
_9349
942 _cBK
945 _ajohan1477
999 _c34472
_d34472